ARRUPE JESUIT UNIVERSITY

CORONAVIRUS -STOP THE SPREAD - CLEAN,DISINFECT,COVER

The myth of the eternal return (Record no. 120986)

MARC details
000 -LEADER
fixed length control field 00550nam a22001817a 4500
008 - FIXED-LENGTH DATA ELEMENTS--GENERAL INFORMATION
fixed length control field 140925b xxu||||| |||| 00| 0 eng d
020 ## - INTERNATIONAL STANDARD BOOK NUMBER
International Standard Book Number 39967002588957
050 ## - LIBRARY OF CONGRESS CALL NUMBER
Classification number BL430.E4513 1954
100 ## - MAIN ENTRY--PERSONAL NAME
Personal name Eliade, Mircea
9 (RLIN) 11755
245 ## - TITLE STATEMENT
Title The myth of the eternal return
Statement of responsibility, etc Mircea Eliade
260 ## - PUBLICATION, DISTRIBUTION, ETC. (IMPRINT)
Place of publication, distribution, etc New York
Name of publisher, distributor, etc Pantheon Books
Date of publication, distribution, etc 1954
300 ## - PHYSICAL DESCRIPTION
Extent xi, 195p. ;
Dimensions 25cm.
440 ## - SERIES STATEMENT/ADDED ENTRY--TITLE
Title Bollingen Series
9 (RLIN) 11756
Number of part/section of a work No. 46
650 ## - SUBJECT ADDED ENTRY--TOPICAL TERM
Topical term or geographic name as entry element Religion
9 (RLIN) 11757
650 ## - SUBJECT ADDED ENTRY--TOPICAL TERM
Topical term or geographic name as entry element Myth
9 (RLIN) 11758
650 ## - SUBJECT ADDED ENTRY--TOPICAL TERM
Topical term or geographic name as entry element History
General subdivision Religious aspects
9 (RLIN) 11759
942 ## - ADDED ENTRY ELEMENTS (KOHA)
Source of classification or shelving scheme Library of Congress Classification
Item type Monograph ( Printed materials)
Holdings
Withdrawn status Lost status Source of classification or shelving scheme Damaged status Not for loan Home library Current library Shelving location Date acquired Total Checkouts Full call number Barcode Date last seen Price effective from Koha item type
    Library of Congress Classification     ARRUPE LIBRARY ARRUPE LIBRARY Main Collection 25/09/2014   BL430.E4513 1954 46500000240 26/10/2016 25/09/2014 Monograph ( Printed materials)

 

Arrupe Library. PO Box MP320 Mt Pleasant, Harare, Zimbabwe
263 242 745411|librarian@aju.ac.zw